Diversidad cultural e interculturalidad en educación superior (Registro nro. 303960)

Detalles MARC
000 -ENCABEZADO
Número de control [NR] 01523cam a2200301 a 4500
005 - FECHA Y HORA DE LA ÚLTIMA TRANSACCIÓN
control field 20160811120442.0
008 - DE LONGITUD FIJA DE DATOS DE ELEMENTOS - INFORMACIÓN GENERAL
Elementos de longitud fija [NR] 160809s2008 ve abd fr 001 0 spa d
020 ## - NUMERO INTERNACIONAL NORMALIZADO PARA LIBROS [R]
Número Internacional Normalizado del libro [NR] 9789807175005
040 ## - FUENTE DE CATALOGACION [NR]
Agencia de catalogación original [NR] CO-BoUCM
Idioma de catalogación [NR] spa
Quien Cataloga Saul Niño
Quien Clasifica Saul Niño
041 0# - CODIGO DE IDIOMA [R]
Código de idioma para texto/pista de sonido o título separado [R] Español
245 00 - MENCION DE TITULO [NR]
Título [NR] Diversidad cultural e interculturalidad en educación superior
Parte restante del título [NR] experiencias en América Latina
Mención de responsabilidad, etc. [NR] coordinador Daniel Mato
260 ## - PUBLICACION, DISTRIBUCION, ETC. (PIE DE IMPRENTA) [R]
Lugar de publicación, distribución, etc. [R] Caracas (venezuela)
Nombre del editor, distribuidor, etc. [R] ASCUN
Fecha de publicación, distribución, etc. [R] 2008
300 ## - DESCRIPCION FISICA [R]
Extensión [R] 474 páginas
Otros detalles físicos [NR] ilustraciones, diagramas, mapas y tablas
500 ## - NOTA GENERAL [R]
Nota general [NR] "Este libro es resultado de la labor del Proyecto Diversidad Cultural e Interculturalidad en Educación Superior en América Latina del Instituto Internacional de la UNESCO para la Educación Superior en América Latina y el Caribe (IESALC)". -- p. 15.
504 ## - NOTA DE BIBLIOGRAFIA, ETC. [R]
Nota de bibliografía, etc. [NR] Incluye referencias bibliográficas e índices
650 #7 - ASIENTO SECUNDARIO DE MATERIA - TERMINO TEMATICO [R]
Término temático o nombre geográfico como elemento de entrada [NR] Educación intercultural
Subdivisión geográfica [R] América Latina
9 (RLIN) 13837
650 24 - ASIENTO SECUNDARIO DE MATERIA - TERMINO TEMATICO [R]
Término temático o nombre geográfico como elemento de entrada [NR] Educación indígena
Subdivisión geográfica [R] América Latina
9 (RLIN) 78637
650 #7 - ASIENTO SECUNDARIO DE MATERIA - TERMINO TEMATICO [R]
Término temático o nombre geográfico como elemento de entrada [NR] Desigualdad cultural
Subdivisión geográfica [R] América Latina
9 (RLIN) 13041
650 #0 - ASIENTO SECUNDARIO DE MATERIA - TERMINO TEMATICO [R]
Término temático o nombre geográfico como elemento de entrada [NR] Interacción cultural
Subdivisión geográfica [R] América Latina
9 (RLIN) 39516
650 24 - ASIENTO SECUNDARIO DE MATERIA - TERMINO TEMATICO [R]
Término temático o nombre geográfico como elemento de entrada [NR] Multiculturalismo
Subdivisión geográfica [R] América Latina
9 (RLIN) 78638
690 #0 - ASUNTO AGREGADO LOCAL DE ENTRADA - TÉRMINO TEMÁTICO (OCLC, RLIN)
Acceso temático local Educación superior
9 (RLIN) 177
700 1# - ASIENTO SECUNDARIO - NOMBRE PERSONAL [R]
Nombre personal [NR] Mato, Daniel
Fechas asociadas con el nombre [NR] 1934-
9 (RLIN) 78639
710 2# - ASIENTO SECUNDARIO - NOMBRE CORPORATIVO [R]
Nombre corporativo o de jurisdicción como elemento de entrada [NR] Unesco
9 (RLIN) 63065
710 2# - ASIENTO SECUNDARIO - NOMBRE CORPORATIVO [R]
Nombre corporativo o de jurisdicción como elemento de entrada [NR] Instituto Internacional para enseñanza superior en América Latina y el Caribe
9 (RLIN) 78640
710 2# - ASIENTO SECUNDARIO - NOMBRE CORPORATIVO [R]
Nombre corporativo o de jurisdicción como elemento de entrada [NR] Asociación Colombiana de Universidades
9 (RLIN) 42230
942 ## - ELEMENTOS DE ENTRADA AGREGADOS (KOHA)
Sistema de clasificación DEWEY
Tema principal Educación
Tipo de ítem principal el descrito en 300a Libro
Edición 1
Clasificación 378.017
Parte restante de la signatura top. D618cu
Existencias
Fecha de último préstamo Total préstamos Total Renewals Signatura topográfica Código de barras Última vez visto Ejemplar Costo de reposición Price effective from Tipo de ítem Nota pública (OPAC) Perdido Sistema de clasificación Dañado No prestable Tipo de ítem específico Suprimido Ubicación habitual Ubicación actual Localización Fecha de creación Proveedor Forma de adquisición Costo
25/03/2022 4 3 378.017 D618cu 100150222 04/12/2025 Ej.1 26000.00 03/08/2016 Libro Galería de donantes   DEWEY     Libro   Claustro Claustro 3er piso 03/08/2016 12 Donación 0.00